Statistics for Soccer Players That Play For Juventus 2019-20

Click here to take the quiz!

General Stats

  • This quiz has been taken 79 times
  • The average score is 12 of 15

Answer Stats

Answer% Correct
Cristiano Ronaldo
94%
Leonardo Bonucci
94%
Giorgio Chiellini
93%
Paulo Dybala
93%
Matthijs de Ligt
91%
Juan Cuadrado
90%
Sami Khedira
87%
Miralem Pjanic
81%
Aaron Ramsey
79%
Douglas Costa
79%
Emre Can
78%
Wojciech Szczesny
78%
Rodrigo Bentancur
66%
Federico Bernardeschi
55%
Mattia de Sciglio
46%

Score Distribution

Percentile by Number Answered

Percent of People with Each Score

Your Score History

You have not taken this quiz